000 02441cam a2200301 4500500
005 20260111150244.0
041 _afre
042 _adc
100 1 0 _aHalba, Ève-Marie
_eauthor
245 0 0 _aEn quête d'un restaurant parisien au xixe siècle. À vau‑l'eau, une nouvelle de Joris‑Karl Huysmans
260 _c2014.
500 _a62
520 _aÀ vau‑l’eau de Joris‑Karl Huysmans est une nouvelle apparemment simple : dans le Paris de la fin du xixe siècle, un petit fonctionnaire désargenté cherche à varier ses restaurants pour retrouver l’appétit. Pourtant, cette quête est difficile pour M. Folantin, qui n’a de goût pour rien et qui digère mal. L’œuvre se transforme en un exercice de style où la construction habile, le jeu des métaphores et l’humour révèlent l’art subtil de Huysmans, qui cherche surtout à dérouter le lecteur.
520 _aLooking for a Restaurant in Paris. À vau‑l’eau, a xixth Century Short Story by Joris‑Karl Huysmans À vau‑l’eau from Joris‑Karl Huysmans seems to be a simple short story: in the late xixth Paris, a civil servant of no significance decides to change his way of life, seeking for new restaurants. This quest happens to be really hard for Mr Folantin who cares for nothing and has troubles digesting. The structure, the metaphorical style and the subtil humour make this novel a masterpiece. In fact, Huysmans’ main purpose is to puzzle and disconcert the reader.
520 _aÀ vau‑l’eau von Joris‑Karl Huysmans ist eigentlich eine simple Geschichte: Ein verarmter kleiner Beamter versucht im Paris des auslaufenden 19. Jahrhunderts in unterschiedlichen Restaurants seinen Appetit wieder zu finden. Die Suche erweist sich jedoch als schwierig, denn Monsieur Folantin hat keinerlei Appetit und eine schlechte Verdauung. Die Novelle entwickelt sich zu einem stilistischen Meisterwerk in dem es Huysmans gelingt, den Leser durch seine humorvolle und subtile Art des Schreibens zu verwirren.
690 _ahumour
690 _ahuysmans
690 _aParis
690 _aquête
690 _arestaurant
690 _ahumour
690 _ahuysmans
690 _aParis
690 _aquest
690 _arestaurant
786 0 _nEthnologie française | 44 | 1 | 2014-02-01 | p. 19-27 | 0046-2616
856 4 1 _uhttps://shs.cairn.info/revue-ethnologie-francaise-2014-1-page-19?lang=fr&redirect-ssocas=7080
999 _c1637309
_d1637309